[Event "Foment Martinenc op-B 21st"]
[Site "Barcelona"]
[Date "2019.05.18"]
[Round "4"]
[White "Aleksanyan Israelyan, Nicolas"]
[Black "Cuesta Alonso, Ivan"]
[Result "1/2-1/2"]
[WhiteElo "1548"]
[BlackElo "1734"]
[PlyCount "99"]
[EventDate "2019.04.27"]
[EventType "swiss"]
[EventRounds "9"]
[EventCountry "ESP"]
[SourceTitle "EXT 2020"]
[Source "ChessBase"]
[SourceDate "2019.10.17"]
[SourceVersion "1"]
[SourceVersionDate "2019.10.17"]
[SourceQuality "1"]

1. e4 c5 2. Nf3 a6 3. d4 cxd4 4. Nxd4 e6 5. a3 Qc7 6. Nc3 Nf6 7. Be3 Be7 8. Be2 Nc6 9. 0-0 0-0 10. Qd2 d5 11. exd5 exd5 12. Rfe1 Nxd4 13. Bxd4 Be6 14. Bf3 Rad8 15. h3 Rfe8 16. Rad1 h6 17. Qc1 Rc8 18. Be5 Qc5 19. Qe3 Qxe3 20. Rxe3 Bc5 21. Bd4 Bxd4 22. Rxd4 Rc4 23. Rxc4 dxc4 24. Kf1 Rb8 25. a4 Kf8 26. Ke1 b5 27. axb5 axb5 28. Re5 b4 29. Ne4 Nd7 30. Ra5 b3 31. c3 Rd8 32. Nc5 Nxc5 33. Rxc5 Ke7 34. Rc6 Rd6 35. Rxd6 Kxd6 36. Ke2 Ke5 37. Ke3 f5 38. g3 g5 39. Bg2 f4+ 40. Ke2 g4 41. hxg4 Bxg4+ 42. f3 Bf5 43. g4 Bd3+ 44. Kf2 Kf6 45. Kg1 Kg5 46. Kh2 Kh4 47. Bh3 Be2 48. Bg2 Bd3 49. Bh3 Be2 50. Bg2 1/2-1/2

[Event "Foment Martinenc op-B 19st"]
[Site "Barcelona"]
[Date "2017.06.10"]
[Round "8.3"]
[White "Mercader Rubio, Luis"]
[Black "Cuesta Alonso, Ivan"]
[Result "1-0"]
[WhiteElo "1747"]
[BlackElo "1621"]
[PlyCount "91"]
[EventDate "2017.04.22"]
[EventType "swiss"]
[EventRounds "9"]
[EventCountry "ESP"]
[SourceTitle "EXT 2024"]
[Source "ChessBase"]
[SourceDate "2023.10.10"]
[SourceVersion "1"]
[SourceVersionDate "2023.10.10"]
[SourceQuality "1"]

1. e4 c5 2. Nf3 e6 3. d4 cxd4 4. Nxd4 a6 5. Bd3 Bc5 6. Nb3 Ba7 7. 0-0 Nc6 8. a3 Nf6 9. Bg5 h6 10. Bh4 b5 11. N1d2 Ne5 12. Nf3 Nxd3 13. cxd3 d6 14. Rc1 Bb7 15. Nbd4 g5 16. Bg3 g4 17. Nc6 Bxc6 18. Rxc6 gxf3 19. Rxd6 Qe7 20. Qxf3 Bb8 21. Rc6 Bxg3 22. fxg3 Nd7 23. Rc7 Rd8 24. Qh5 Rh7 25. h4 Qd6 26. Rc3 Qxg3 27. d4 Qg6 28. Qf3 Rg7 29. d5 Ne5 30. Qf2 exd5 31. exd5 Rxd5 32. Rc8+ Rd8 33. Rxd8+ Kxd8 34. Qd4+ Nd7 35. Qd5 Qe6 36. Qd2 Qb6+ 37. Kh1 f6 38. Qxh6 Re7 39. Qd2 Kc7 40. Rc1+ Kb7 41. Qd5+ Ka7 42. h5 Qb7 43. Qd4+ Qb6 44. Rc7+ Kb8 45. Qxb6+ Nxb6 46. Rxe7 1-0